000
00269nam a2200097Ia 4500
001
851259
005
20250826174452.0
008
250824s9999 xx 000 0 und d
245
0
_a
SEPETTE BULUNMUŞ - HEPSİNDEN ACI
_c
HALİD ZİYA UŞAKLIGİL
260
_b
ÖZGÜR YAYINLARI
999
_c
851259
_d
851259